000 00221nam a22000857a 4500
008 160706b xxu||||| |||| 00| 0 eng d
100 _92373
_a Biswas, P
245 _aBusy Ants
260 _aNew Delhi
_b National Book Trust
_c1987
999 _c2049
_d2049